Lehrbuch des Koptischen /

محفوظ في:

المؤلف الرئيسي: Kosack, Wolfgang (مؤلف)

التنسيق: كتاب

اللغة: German
Coptic

منشور في: Graz : Akadem. Druck- u. Verlagsanst., 1974.

الموضوعات:

الوسوم: إضافة وسم

لا توجد وسوم, كن أول من يضع وسما على هذه التسجيلة!

رقم الطلب: PJ2039.5 .G4 K86

LEADER 00663nam a22002057a 4500
003 OSt
005 20251027115743.0
008 251027t1974 au ah 000 0 ger d
040 |c ARCE Library 
041 0 |a ger  |a cop 
050 1 4 |a PJ2039.5 .G4  |b K86 
100 1 |a Kosack, Wolfgang,  |e author  |9 34133 
245 1 0 |a Lehrbuch des Koptischen /   |c Wolfgang Kosack ; mit zahlr. Illustr. u. 2 Tab. 
264 1 |a Graz :   |b Akadem. Druck- u. Verlagsanst.,   |c 1974. 
300 |a xvi, 442 pages :   |b Illustrations, Facsimiles ;   |c 28 cm. 
555 |a Nabil 
650 0 |a Coptic language  |x Textbooks for foreign speakers  |x German. 
901 |a reviewed 
942 |c BK  |2 lcc 
999 |c 21316  |d 21316